00626nam a2200193Ia 4500952012900000999001700129003000400146005001700150008004100167020001800208040000900226082001800235100002600253245003800279260004300317300000900360650002100369942004200390 00102ddc40708M&HaMESbMEScPHYSd2019-02-20g195.00l0o613.71 SRI/Hp35862r2019-02-20 00:00:00w2019-02-20yBKzU22R3 c32638d32638OSt20201014114554.0190216s9999||||xx |||||||||||||| ||und|| a9788178795812 coclc a613.71bSRI/H aSrivastava, A K95628 0aHealth And Yoga /cA K Srivastava bSports Publication,c2010.aNew Delhi: a108p aSports And Games cBK2ddch613.71iSRI/Hk613.71mSRI/H